000 03208nam a22003377a 4500
001 TIC 0044
003 gtcocun
005 20250922184509.0
006 a||||gr|||| 00| 0
007 ta
008 250922b2024 gt ||||| m||| 00| 0 eng d
040 _agtcocun
_bSPA
_cgtcocun
_eRDA
041 _aSPA TIC 0044
084 _0TIC 0044
100 _aRiveiro Santos, Marner Alejandra
_eAutor
245 _aINFORME FINAL DEL EJERCICIO PROFESIONAL SUPERVISADO, MEJORAMIENTO SISTEMA DE AGUA POTABLE (RED DE DISTRIBUCIÓN), ALDEA GUAXPAC, MEJORAMIENTO CANCHA POLIDEPORTIVA, CAMPO COLORADO Y SISTEMA DE MANEJO DE DRANAJE PLUVIAL, TACTIC, ALTA VERAPAZ./
_cMarner Alejandra Riveiro Santos.
_hImpreso
264 _aCobán, Alta Verapaz:
_bUniversidad de San Carlos de Guatemala, Centro Universitario del Norte, Ingeniería Civil
_c2024
300 _a247 p.:
_bIlustraciones, gráficas.
_c28 cm;
300 _cPDF
336 _2rdacontenido
_aTexto
_btxt
337 _2rdamedio
_aComputadora
_bn
338 _2rdasoporte
_aCódigo en línea
_bcr
502 _eTIC 0044
502 _aTesis de grado
_bIngeniería Civil,
_cUniversidad de San Carlos de Guatemala, Centro Universitario del Norte, Ingeniería Civil
_d2024
_oTIC 0044
520 1 4 _aEl presente trabajo de investigación muestra los resultados obtenidos del Ejercicio Profesional Supervisado realizado en el municipio de Tactic, departamento de Alta Verapaz, el cual consta del diseño y la planificación de los proyectos propuestos denominados: Mejoramiento sistema de agua potable (red de distribución), aldea Guaxpac, Mejoramiento cancha polideportiva Campo Colorado y sistema de manejo de drenaje pluvial, Tactic, Alta Verapaz. Actualmente, los habitantes de la aldea Guaxpac no cuentan con un sistema de abastecimiento de agua potable adecuado, por lo que se consideran actividades que permitan la implementación de un nuevo sistema que se adecúe a los requerimientos de la población. En cuanto a la situación que se presenta en el Campo Colorado se puede mencionar que actualmente el terreno cuenta problemas de estancamiento de agua, razón por la cual se diseña una cuneta triangular debido a que el problema surge al no contar con un sistema adecuado que permita el desfogue del agua pluvial de modo que se busca la manera de redirigir el agua proveniente de la parte alta para que no afecte al diseño del proyecto. La finalidad de estas actividades es lograr recolectar la mayor información posible relacionada al área donde se desea implementar el proyecto para posteriormente con ayuda de los datos realizar un diseño capaz de satisfacer las demandas establecidas, con base a normas y reglamentos que se rigen en nuestro país, que además garanticen el correcto funcionamiento del sistema para su implementación en el centro poblado de estudio.
650 1 4 _2LEMB
_aTactic, Alta Verapaz.
_xIngeniería
_xSistema
_xEstudio
_xRed
_xDistribución
_xProyecto
700 _aIng. Civil Jorge Haroldo Dubón Xitumul
_eAsesor
856 _uhttps://drive.google.com/file/d/1HkVWx4Oi3rg24jibdZ_Jrl-jwXgL2KjR/view
_yPDF
_zUn ejemplar en línea.
942 _2ddc
_cTES
_iTIC 0044
_kClasificación
_n0
_6TIC_0044_000000000000000
999 _c2059
_d2059